Southville International School and Colleges
Your cart is empty.
  • Cart
  • Lists
    Public lists Eva Luna New books Lux_list list_1
    Your lists Log in to create your own lists
  • Log in to your account
  • Your cookies
  • Search history
Southville International School and Colleges
  • Advanced search
  • Recent comments
  • Most popular
  • Libraries

Log in to your account

Log in with GOOGLE


If you do not have an external account, but do have a local account, you can still log in:

  1. Home
  2. MARC view: Fun Chinese for Kids 1
Normal view MARC view ISBD view

Fun Chinese for Kids 1 (Record no. 8332)

[ view plain ]
MARC details
000 -LEADER
fixed length control field 00495nam a22001937a 4500
003 - CONTROL NUMBER IDENTIFIER
control field OSt
005 - DATE AND TIME OF LATEST TRANSACTION
control field 20140310182020.0
008 - FIXED-LENGTH DATA ELEMENTS--GENERAL INFORMATION
fixed length control field 130731t xxu||||| |||| 00| 0 eng d
020 ## - INTERNATIONAL STANDARD BOOK NUMBER
International Standard Book Number 9787800529276
050 ## - LIBRARY OF CONGRESS CALL NUMBER
Classification number PL 1129.E5
Item number .F979 2004
082 ## - DEWEY DECIMAL CLASSIFICATION NUMBER
Classification number TR
Item number 495.1 F95 2004
245 ## - TITLE STATEMENT
Title Fun Chinese for Kids 1
260 ## - PUBLICATION, DISTRIBUTION, ETC. (IMPRINT)
Place of publication, distribution, etc China :
Name of publisher, distributor, etc Sinolingua.
Date of publication, distribution, etc c2004
300 ## - PHYSICAL DESCRIPTION
Extent 91 p.
Other physical details ill. ; col. ;
Dimensions 28 cm.
541 ## - IMMEDIATE SOURCE OF ACQUISITION NOTE
-- 1
562 ## - COPY AND VERSION IDENTIFICATION NOTE
Number of copies 1
650 ## - SUBJECT ADDED ENTRY--TOPICAL TERM
Topical term or geographic name as entry element Language
9 (RLIN) 1929
942 ## - ADDED ENTRY ELEMENTS (KOHA)
Source of classification or shelving scheme Library of Congress Classification
Koha item type
Call number prefix
Holdings
Withdrawn status Lost status Source of classification or shelving scheme Damaged status Home library Current library Shelving location Date acquired Total Checkouts Total Renewals Full call number Barcode Date last seen Date checked out Copy number Price effective from Koha item type
    Library of Congress Classification   Luxembourg Library Luxembourg Library Teachers Reference Section 07/31/2013 2 6 PL 1129.E5 .F979 2004 18334 06/23/2020 03/02/2020 1 07/31/2013 Books

Fun Chinese for Kids 1

APA

(2004). Fun Chinese for Kids 1. China: Sinolingua.

Chicago

2004. Fun Chinese for Kids 1. China: Sinolingua.

Harvard

(2004). Fun Chinese for Kids 1. China: Sinolingua.

MLA

Fun Chinese for Kids 1. China: Sinolingua. 2004.

  • Place hold
  • Print
  • Cite
  • Add to your cart (remove)
  • Save record
    BIBTEX Dublin Core MARCXML MARC (non-Unicode/MARC-8) MARC (Unicode/UTF-8) MARC (Unicode/UTF-8, Standard) MODS (XML) RIS
  • More searches
    Search for this title in:
    Other Libraries (WorldCat) Other Databases (Google Scholar) Online Stores (Bookfinder.com) Open Library (openlibrary.org)

Exporting to Dublin Core...

SOUTHVILLE LIBRARY

Southville International School and Colleges Library

1281 Tropical Ave. Cor. Luxembourg St., BF Homes International, Las Pinas City

Tel. No. 8256374 / 252358 Loc. 117/146

Powered by Koha